Unleashing Koha: The complete library solution (Record no. 75680)
[ view plain ]
| 000 -LEADER | |
|---|---|
| fixed length control field | 00440nam a22001457a 4500 |
| 020 ## - INTERNATIONAL STANDARD BOOK NUMBER | |
| ISBN | 978-81-946460-1-6 |
| 082 ## - DEWEY DECIMAL CLASSIFICATION NUMBER | |
| Classification number | 002:681.324KOH VIM |
| 100 ## - MAIN ENTRY--AUTHOR NAME | |
| Personal name | VIMALKUMAR, V |
| -- | GOPINATHAN, Subeesh |
| 245 ## - TITLE STATEMENT | |
| Title | Unleashing Koha: The complete library solution |
| 260 ## - PUBLICATION, DISTRIBUTION, ETC. (IMPRINT) | |
| Place of publication | Changanassery |
| Name of publisher | Unity Services |
| Year of publication | 2020 |
| 300 ## - PHYSICAL DESCRIPTION | |
| Number of Pages | 96p. |
| 650 ## - SUBJECT ADDED ENTRY--TOPICAL TERM | |
| Topical Term | Library automation |
| -- | Library computer applications |
| -- | Koha database |
| 942 ## - ADDED ENTRY ELEMENTS (KOHA) | |
| Koha item type | Books |
| Withdrawn status | Lost status | Damaged status | Not for loan | Home library | Current library | Date acquired | Source of acquisition | Full call number | Accession Number | Koha item type |
|---|---|---|---|---|---|---|---|---|---|---|
| RRII Library | RRII Library | 17/09/2025 | Kanishka Book Centre, Delhi | 002:681.324KOH VIM | 23629 | Books |